| 000 | 00655cam a22002293a 4500 | ||
|---|---|---|---|
| 001 | 18586 | ||
| 003 | PGUSA | ||
| 005 | 20140828083409.0 | ||
| 008 | 060614s2006||||xxu|||||s|||||000 1 eng d | ||
| 040 |
_aPGUSA _beng |
||
| 042 | _adc | ||
| 050 | 4 | _aPQ | |
| 100 | 1 |
_aDumas, Alexandre, _d1802-1870 |
|
| 245 | 1 | 0 |
_aLa San-Felice, Tome 04 _h[electronic resource] / _cAlexandre Dumas |
| 260 |
_bProject Gutenberg, _c2006 |
||
| 506 | _aPublic domain in the USA. | ||
| 516 | _aElectronic text | ||
| 653 | _aHamilton, Emma, Lady, 1761?-1815 -- Fiction | ||
| 830 | 0 |
_aProject Gutenberg _v18586 |
|
| 856 | 4 | 0 | _uhttp://www.gutenberg.org/ebooks/18586 |
| 942 | _cEB | ||
| 999 |
_c247841 _d247841 |
||